000
00267 a2200097 4500
020
_a
9789359626017
100
_a
Satchidanandan
245
_a
Ethra cheriyathee bhoomi(എത്ര ചെറിയതീ ഭൂമി)
260
_b
Mathrubhumi books
_c
2025
942
_c
OO
999
_c
115760
_d
115759